00808nam a22002177a 450000500170000001000150001702000270003203500140005903700130007308200080008610000350009424500960012926000630022527000390028830000210032770000340034871000380038294200220042099900190044295201290046120240402155652.0 aENG-139726 a9788119625970c1200.00 aEN-123258 bDBAD/PUB a954 aDharmadhikari, Avinash 964220 a75 Golden Pages:bShining Stars Of Indian History After Freedom/cBy Avinash Dharmadhikari  aPune bDileep Majgaonkr Rajhans Prakashan Pvt. Ltd. c2023 a1025,Sadashiv Peth bPune e411030 a456p.c24cm(pbk) aAvinash Dharmadhikari 963487 aKapil Kelkare Translateor963488 2ddccENmDHAh954 c201555d201555 001040708NFICaBNbBNd2024-03-18eDBADg1200.00l0o954 DHA pEN-123258r2024-03-18 00:00:00t1v1200.00w2024-03-18yEN